Spracovanie obrazových medicínskych dát metódami počítačového videnia a hlbokých neurónových sietí

Enregistré dans:
Détails bibliographiques
Auteur principal: Povinec, Jakub (Auteur)
Autres auteurs: Benešová, Vanda (Directeur de thèse)
Format: Manuscrit Livre
Langue:slovaque
anglais
Publié: 2022
Sujets:
Accès en ligne:http://is.stuba.sk/zp/portal_zp.pl?podrobnosti=148524
Tags: Ajouter un tag
Pas de tags, Soyez le premier à ajouter un tag!

MARC

LEADER 00000ntm a22000003a 4500
001 stuzp88141
003 SK-STU
005 20220625211211.4
007 ta
008 150427s2015----xo-----f-mn---000-0-slo-d
040 |a STU  |b slo 
041 0 |a eng 
100 1 |a Povinec, Jakub  |u 070400  |4 aut  |U FIIT Fakulta informatiky a informačných technológií  |T FIIT Ústav počítačového inžinierstva a aplikovanej informatiky  |X 97014  |U I400  |Y 672  |7 97014 
242 0 1 |a Spracovanie obrazových medicínskych dát metódami počítačového videnia a hlbokých neurónových sietí  |y slo 
245 1 0 |a Spracovanie obrazových medicínskych dát metódami počítačového videnia a hlbokých neurónových sietí 
260 |c 2022 
650 4 |a segmentácia  |2 slo 
650 4 |a BraTS  |2 slo 
650 4 |a konvolučné neurónové siete  |2 slo 
650 4 |a hlboké učenie  |2 slo 
650 4 |a U-Net  |2 slo 
650 4 |a segmentation  |2 eng 
650 4 |a BraTS  |2 eng 
650 4 |a U-Net  |2 eng 
650 4 |a convolutional neural networks  |2 eng 
650 4 |a deep learning  |2 eng 
700 1 |a Benešová, Vanda  |u 070400  |k Z1  |4 ths  |U FIIT Fakulta informatiky a informačných technológií  |T FIIT Ústav počítačového inžinierstva a aplikovanej informatiky  |X 63121  |U I400  |Y 672  |7 63121 
856 4 |u http://is.stuba.sk/zp/portal_zp.pl?podrobnosti=148524